000 00319nam a22001217a 4500
040 _cSY
082 _a571
100 _aហ៊ីង ធីតា
245 _aរុក្ខជាតិចង្រៃសំខាន់នៅកម្ពុជា
260 _aRUA
_bហ៊ីង
_c2012
300 _a203p.
942 _cKB
999 _c9308
_d9308